| Tag |
First Indicator |
Second Indicator |
Subfields |
| LEADER |
00000cam a2200000 i 4500 |
| 001 |
in00003717708 |
| 005 |
20170926143108.0 |
| 008 |
160527t20162016inu 000 1 eng |
| 010 |
|
|
|a 2016025045
|
| 020 |
|
|
|a 9780268035389
|q paperback
|
| 020 |
|
|
|a 0268035385
|q paperback
|
| 035 |
|
|
|a (OCoLC)ocn948339997
|
| 040 |
|
|
|a DLC
|e rda
|c DLC
|d UtOrBLW
|
| 043 |
|
|
|a e-ie---
|
| 049 |
|
|
|a TXAM
|
| 050 |
0 |
0 |
|a PS3563.C3644
|b S7 2016
|
| 082 |
0 |
0 |
|a 813/.54
|2 23
|
| 100 |
1 |
|
|a McGonigle, Thomas,
|e author.
|0 http://id.loc.gov/authorities/names/nr90017559
|
| 245 |
1 |
0 |
|a St. Patrick's Day :
|b another day in Dublin /
|c Thomas McGonigle.
|
| 264 |
|
1 |
|a Notre Dame, Indiana :
|b University of Notre Dame Press,
|c [2016]
|
| 264 |
|
4 |
|c ©2016
|
| 300 |
|
|
|a 233 pages ;
|c 23 cm.
|
| 336 |
|
|
|a text
|b txt
|2 rdacontent
|
| 337 |
|
|
|a unmediated
|b n
|2 rdamedia
|
| 338 |
|
|
|a volume
|b nc
|2 rdacarrier
|
| 520 |
|
|
|a On Saint Patrick's Day, an Irish American writer visiting Dublin takes a day trip around the city and muses on death, sex, lost love, Irish immigrant history and his younger days as a student in Europe. Like James Joyce's Ulysses, Thomas McGonigle's award-winning novel St. Patrick's Day takes place on a single day, combining a stream-of-consciousness narrative with masterful old-fashion storytelling, which samples the literary histories of both Ireland and America and the worlds they influence. St. Patrick's Day relies on an interior monologue to portray the narrator's often dark perceptions and fantasies, his memories of his family in Patchogue, New York and of the women in his life and his encounters throughout the day, as well as many years ago, with revelers, poets, African students and working-class Dubliners. Thomas McGonigle's novel is a brilliant portrait of the uneasy alliance between the Irish and Irish Americans, the result of the centuries-old diaspora and immigration, which left unsettled the mysteries of origins and legacy. St. Patrick's Day is a rollicking pub-crawl through multi-sexual contemporary Dublin, a novel full of passion, humor and insight, which makes the reader the author's accomplice, a witness to his heartfelt memorial to the fraught love affair between ancestors and generations. McGonigle tells the stories both countries need to hear. This particular St. Patrick's Day is an unforgettable one.
|
| 650 |
|
0 |
|a Irish Americans
|v Fiction.
|0 http://id.loc.gov/authorities/subjects/sh2008104284
|
| 650 |
|
0 |
|a Americans
|z Ireland
|v Fiction.
|0 http://id.loc.gov/authorities/subjects/sh2007101092
|
| 650 |
|
0 |
|a Interpersonal relations
|v Fiction.
|0 http://id.loc.gov/authorities/subjects/sh2008104850
|
| 650 |
|
0 |
|a Saint Patrick's Day
|v Fiction.
|0 http://id.loc.gov/authorities/subjects/sh2010114788
|
| 651 |
|
0 |
|a Dublin (Ireland)
|v Fiction.
|0 http://id.loc.gov/authorities/subjects/sh2008102451
|
| 650 |
|
7 |
|a FICTION / General.
|2 bisacsh
|
| 650 |
|
7 |
|a FICTION / Literary.
|2 bisacsh
|
| 945 |
|
|
|b 757752
|
| 947 |
|
|
|a A14843446866
|
| 948 |
|
|
|a cataloged
|b h
|c 2016/9/6
|d c
|e dmitchel
|f 11:30:20 am
|
| 994 |
|
|
|a 92
|b TXA
|
| 999 |
f |
f |
|s 3246dea5-72d0-32e1-bbd7-a77c57d58d72
|i ad5dda81-0c23-33b7-bd25-d63d69f891d3
|t 0
|
| 952 |
f |
f |
|p normal
|a Texas A&M University
|b College Station
|c Sterling C. Evans Library
|d Evans: Library Stacks
|t 0
|e PS3563.C3644 S7 2016
|h Library of Congress classification
|i unmediated -- volume
|m A14843446866
|
| 998 |
f |
f |
|a PS3563.C3644 S7 2016
|t 0
|l Evans: Library Stacks
|